000 00920cam a22002894a 4500
020 _a9780821371930 (pbk. : alk. paper)
020 _a0821371932 (pbk. : alk. paper)
020 _a9780821371947 (eISBN)
020 _a0821371940 (eISBN)
040 _cDLC
082 0 0 _a362 WOR 2007 A068 Or.
245 0 0 _aHealthy development :
_bthe World Bank strategy for health, nutrition, & population results.
260 _aWashington, DC :
_bWorld Bank,
_cc2007.
300 _axix, 220 p. :
_bcol. ill. ;
_c24 cm.
650 0 _aPublic health
650 0 _aPublic health
650 0 _aNutrition policy
650 0 _aPopulation assistance
650 1 2 _aDeveloping Countries.
650 1 2 _aPublic Health.
650 2 2 _aFinancial Support.
650 2 2 _aInternational Agencies.
650 2 2 _aPublic Policy.
710 2 _aWorld Bank.
856 4 1 _uhttp://www.loc.gov/catdir/toc/ecip0719/2007022159.html
942 _cEK
999 _c14917
_d14917